000
00197 a2200097 4500
001
4639
100
_a
Brown,d.C
245
_a
Why teach physics
260
_a
_b
M.I.T press
_c
090
_c
3833
_d
3833
942
_a
NUST-CAE
_c
M
_c
30082
999
_c
239712
_d
239712